All Maps in CS2 - Statistics

General Stats
  • This quiz has been taken 76 times
  • The average score is 9 of 11
Answer Stats
Answer % Correct
Dust2
100%
Mirage
100%
Ancient
97%
Inferno
93%
Anubis
92%
Nuke
90%
Overpass
90%
Train
90%
Vertigo
85%
Cache
46%
Cobblestone
31%
No matching quizzes found
Score Distribution
Percent of People with Each Score
Percentile by Number Answered
Your Score History
You have not taken this quiz